DC Characters by Picture #2 - Statistics

General Stats
  • This quiz has been taken 232 times
  • The average score is 17 of 20
Answer Stats
Picture Answer % Correct
Raven
96%
Beast Boy
94%
Nightwing
94%
The Penguin
92%
Blue Beetle
91%
Starfire
91%
Superboy
91%
Kid Flash
89%
Deathstroke
87%
Reverse Flash
87%
Plastic Man
85%
Hawkgirl
83%
Brainiac
81%
Lobo
77%
Zatanna
76%
Black Canary
74%
Booster Gold
74%
Captain Cold
74%
Gorilla Grodd
69%
Firestorm
66%
No matching quizzes found
Score Distribution
Percent of People with Each Score
Percentile by Number Answered
Your Score History
You have not taken this quiz